Vote for me! / (Record no. 9305)

MARC details
000 -LEADER
fixed length control field 01259cam a22003857a 4500
001 - CONTROL NUMBER
control field 9305
003 - CONTROL NUMBER IDENTIFIER
control field FISKH
005 - DATE AND TIME OF LATEST TRANSACTION
control field 20251209154406.0
008 - FIXED-LENGTH DATA ELEMENTS--GENERAL INFORMATION
fixed length control field 120403s2013 flua b 000 1 eng d
010 ## - LIBRARY OF CONGRESS CONTROL NUMBER
LC control number 2012936784
020 ## - INTERNATIONAL STANDARD BOOK NUMBER
International Standard Book Number 9781618101839
020 ## - INTERNATIONAL STANDARD BOOK NUMBER
International Standard Book Number 1618101838
020 ## - INTERNATIONAL STANDARD BOOK NUMBER
International Standard Book Number 9781618103161
Qualifying information soft
020 ## - INTERNATIONAL STANDARD BOOK NUMBER
International Standard Book Number 1618103164
Qualifying information soft
040 ## - CATALOGING SOURCE
Original cataloging agency BTCTA
Language of cataloging eng
Transcribing agency BTCTA
Modifying agency JQM
050 ## - LIBRARY OF CONGRESS CALL NUMBER
Classification number R6510
082 ## - DEWEY DECIMAL CLASSIFICATION NUMBER
Classification number 823
100 1# - MAIN ENTRY--PERSONAL NAME
Personal name Robertson, J. Jean.
245 10 - TITLE STATEMENT
Title Vote for me! /
Statement of responsibility, etc. by J. Jean Robertson ; illustrated by Marc Mones.
260 ## - PUBLICATION, DISTRIBUTION, ETC.
Place of publication, distribution, etc. Vero Beach :
Name of publisher, distributor, etc. Rourke Educational Media,
Date of publication, distribution, etc. 2013.
300 ## - PHYSICAL DESCRIPTION
Extent 24 pages :
Other physical details color illustrations ;
Dimensions 21 cm
490 1# - SERIES STATEMENT
Series statement Little birdie books
505 ## - FORMATTED CONTENTS NOTE
Formatted contents note N<br/>
520 ## - SUMMARY, ETC.
Summary, etc. Priscilla Pony organizes the tasks needed to make posters for the new school President. Everyone works together and the job is a success.
521 8# - TARGET AUDIENCE NOTE
Target audience note 550<br/>
Source Lexile<br/>
521 8# - TARGET AUDIENCE NOTE
Target audience note N<br/>
Source Raz-Plus<br/>
650 #1 - SUBJECT ADDED ENTRY--TOPICAL TERM
Topical term or geographic name entry element Elections
Form subdivision Fiction.
650 #1 - SUBJECT ADDED ENTRY--TOPICAL TERM
Topical term or geographic name entry element Schools
Form subdivision Fiction.
650 #1 - SUBJECT ADDED ENTRY--TOPICAL TERM
Topical term or geographic name entry element Animals
Form subdivision Fiction.
655 #7 - INDEX TERM--GENRE/FORM
Genre/form data or focus term Fiction.
Source of term lcgft
Authority record control number or standard number https://id.loc.gov/authorities/genreForms/gf2014026339
700 1# - ADDED ENTRY--PERSONAL NAME
Personal name Mones, Marc,
Relator term illustrator
906 ## - LOCAL DATA ELEMENT F, LDF (RLIN)
a 7
b cbc
c copycat
d 4
e epcn
f 20
g y-gencatlg
942 ## - ADDED ENTRY ELEMENTS (KOHA)
Source of classification or shelving scheme Dewey Decimal Classification
Koha item type Books
Suppress in OPAC No
Holdings
Withdrawn status Lost status Source of classification or shelving scheme Damaged status Not for loan Collection Home library Current library Shelving location Date acquired Total Checkouts Full call number Barcode Date last seen Copy number Price effective from Koha item type
    Dewey Decimal Classification     Juvenile Fiction Footprints International School Library Network Toul Tom Poung Campus Footprints International School Library Network Toul Tom Poung Campus TTP Primary Yellow Bookshelves 12/09/2025   ROB 823 R6510 FISTK00934 12/09/2025 1 12/09/2025 Books